Network Management, Principles and Practice (Record no. 17722)

MARC details
000 -LEADER
fixed length control field 00447nam a2200181Ia 4500
005 - DATE AND TIME OF LATEST TRANSACTION
control field 20230720132943.0
008 - FIXED-LENGTH DATA ELEMENTS--GENERAL INFORMATION
fixed length control field 230720b |||||||| |||| 00| 0 eng d
020 ## - INTERNATIONAL STANDARD BOOK NUMBER
ISBN 81-7808-595-X
082 ## - DEWEY DECIMAL CLASSIFICATION NUMBER
Classification number 004.65
Item number SUB
100 ## - MAIN ENTRY--AUTHOR NAME
Personal name Mani Subramanian
245 ## - TITLE STATEMENT
Title Network Management, Principles and Practice
250 ## - EDITION STATEMENT
Edition statement 3rd
260 ## - PUBLICATION, DISTRIBUTION, ETC. (IMPRINT)
Place of publication NEW DELHI
Name of publisher Pearson
Year of publication 2002
300 ## - PHYSICAL DESCRIPTION
Number of Pages XXIII;644
500 ## - GENERAL NOTE
General note Quantity- 2
650 ## - SUBJECT ADDED ENTRY--TOPICAL TERM
Topical Term Comp-Sc
942 ## - ADDED ENTRY ELEMENTS (KOHA)
Koha item type Books
Holdings
Lost status Damaged status Permanent Location Current Location Shelving location Date acquired Full call number Accession Number Koha item type
    Central Library, Trident Academy of Technology Central Library, Trident Academy of Technology General Stacks 05/24/2023 004.65 SUB 6678 Books
    Central Library, Trident Academy of Technology Central Library, Trident Academy of Technology General Stacks 05/24/2023 004.65 SUB 6911 Books
Trident Academy of Technology © 2023.
All rights reserved.                                                                                                                                                                                                        Designed by Team of Central Library .

Powered by Koha